| 000 | 00559nam a22001697a 4500 | ||
|---|---|---|---|
| 003 | CEME | ||
| 005 | 20210628201936.0 | ||
| 008 | 210129b xxu||||| |||| 00| 0 eng d | ||
| 040 | _c. | ||
| 082 | _a297.63 AHM | ||
| 100 |
_aAhmed Bin Muhammad Aldinoori,Muhammd farooq, mufti _957517 |
||
| 245 | _aRasool allah (peace be upon him) kay din aur raat,prophet muhammad (pbuh) key baberkat amaal aur dowaay | ||
| 260 |
_aLAHORE _bBAIT-UL-ALIM TRUST _c2004 |
||
| 300 | _a374P | ||
| 650 |
_aISLAM-MAMOOLAT RASOOL AKRAM(PEACE BE UPON HIM) _957518 |
||
| 942 |
_cBK _2ddc |
||
| 999 |
_c567795 _d567795 |
||